Collins German-English, English-German dictionary = Pons Collins Deutsch-Englisch, Englisch-Deutsch

Αποθηκεύτηκε σε:
Λεπτομέρειες βιβλιογραφικής εγγραφής
Άλλοι συγγραφείς: Terrell, Peter
Μορφή: Βιβλίο
Γλώσσα:English
German
Δημοσίευση: London & Glasgow : Stuttgart : Collins, Klett, 1980
Θέματα:
Ετικέτες: Προσθήκη ετικέτας
Δεν υπάρχουν, Καταχωρήστε ετικέτα πρώτοι!

MARC

LEADER 00000nam a2200000 i 4500
001 1/58703
008 040706s1980 eng d
020 |a 3-12-517150-4 
035 |l 10073991 
040 |a GR-MY-UA  |b gre  |e aacr 
041 0 |a eng  |a ger 
245 1 0 |a Collins German-English, English-German dictionary =  |b Pons Collins Deutsch-Englisch, Englisch-Deutsch /  |c Peter Terrell [et. al.] 
246 3 3 |a Collins Deutsch-Englisch, Englisch-Deutsch 
260 |a London & Glasgow :   |a Stuttgart :   |b Collins,   |b Klett,   |c 1980 
300 |a xvii, 792, 790 σ.;  |c 25 εκ. 
650 0 0 |a German language  |x Dictionaries  |x English. 
650 0 0 |a English language  |x Dictionaries  |x German. 
700 1 |a Terrell, Peter. 
852 |a INST  |b LESVOS  |e 20040706  |p 005100028135  |q 005100028135  |t REF  |y 23 
901 |a BIBL1-2004-2 
909 |a Λ  |b 13855 
922 |a 1ΕΛΗ  |b 198902  |c ΜΕΙΜΑΡΗΣ  |d GLORY 
970 |a ΜΑΡΙΝΑΤΟΥ  |b ΜΥΡΣΙΝΗ  |z 2004/07/06